Zona Amortiguadora del Parque Nacional Natural Los Nevados Ganadería Sostenible y Corredores Biológicos (Registro nro. 8977)

Detalles MARC
000 -CABECERA
Campo de control 01006nam a22002537a 4500
005 - FECHA Y HORA DE LA ULTIMA TRANSACCION
Campo de control 20150122170737.0
008 - ELEMENTOS DE LONGITUD FIJA—INFORMACION GENERAL
Campo de control 150115b2003 ck || |r|||| 00| 0 spa d
020 ## - ISBN
ISBN 9386261
040 ## - FUENTE DE CATALOGACIÓN
Agencia catalogadora original CO-BoIAVH
Agencia transcriptora CO-BoIAVH
041 ## - IDIOMA
Código de idioma para texto/pista de sonido o título separado Español
044 ## - PAÍS DE PUBLICACIÓN
País de publicación Colombia
090 ## - CLASIFICACIÓN LOCAL
Colección EA
Consecutivo 00263
245 ## - MENCION DE TITULO
Título Zona Amortiguadora del Parque Nacional Natural Los Nevados Ganadería Sostenible y Corredores Biológicos
260 ## - PUBLICACION, DISTRIBUCION, ETC. (PIE DE IMPRENTA)
Lugar de publicación, distribución, etc. Cali :
Nombre del editor, distribuidor, etc. Fundación CIPAV,
-- Corporación Autónoma Regional de Risaralda-CARDER
Fecha de publicación, distribución, etc. 2003.
300 ## - DESCRIPCION FISICA
Extensión 26 pag
Otros detalles físicos Il., fot (col).
Dimensiones 22 cm.
504 ## - NOTA DE BIBLIOGRAFIA, ETC.
Nota de bibliografía Incluye referencias bibliográficas (pag 26)
650 #4 - ASIENTO SECUNDARIO DE MATERIA - TERMINO TEMATICO
Término temático o nombre geográfico como elemento de entrada Ganadería
Subdivisión general educación ambiental
Subdivisión geográfica Parque Nacional Natural de los Nevados
650 #4 - ASIENTO SECUNDARIO DE MATERIA - TERMINO TEMATICO
Término temático o nombre geográfico como elemento de entrada Ecología del paisaje
Subdivisión general educación ambiental
Subdivisión geográfica Parque Nacional Natural de los Nevados
-- Colombia
700 1# - ASIENTO SECUNDARIO - NOMBRE PERSONAL
Nombre personal Camargo, Juan Carlos
700 1# - ASIENTO SECUNDARIO - NOMBRE PERSONAL
Nombre personal Galindo Walter
700 1# - ASIENTO SECUNDARIO - NOMBRE PERSONAL
Nombre personal Sánchez, Marisol
700 1# - ASIENTO SECUNDARIO - NOMBRE PERSONAL
Nombre personal Villegas, María Cecilia
942 ## - ELEMENTOS ADICIONALES (KOHA)
Sistema de clasificación Local
Tipo de ítem Libro
Existencias
Withdrawn status Lost status Sistema de Clasificación Damaged status No para préstamo Colección Inventariado Ubicación Permanente Ubicación actual Fecha de adquisición Total Checkouts Número topográfico Inventario / Código de Barras Date last seen Ejemplar Price effective from Forma de adquisición Tipo de material
    Local     Educación Ambiental Inventariado 2017 Sala Fabio Quevedo Sala Fabio Quevedo 15/01/2015   EA-00263 034984 15/01/2015 Ej. 1 15/01/2015   Libro